00342 2200145 4500001002100000005001500021035002000036245006900056300000800125260001900133082000800152084001200160990001200172990001200184INLIS00000000000219420250527012145 a0010-0525000486 aSurvival Teknik Bertahan Hidup di Alam Bebas /cN. S. Adi Yuwono a183 bAngkasa,c2008 a600 a600 SUR a0713151 a0713152